Statistiken für Die 20 teuersten Transfers aller Zeiten

Klicken Sie hier um das Quiz zu spielen!

Allgemein

  • Dieses Quiz wurde 173 mal gespielt
  • Das Durchschnittsergebnis liegt bei 18 aus 22

Antwortstatistiken

PlatzSummeAlter VereinNeuer VereinJahrAntwort% Korrekt
Nr.1222mio.BarcelonaPSG2017Neymar
100%
Nr.2180mio.AS MonacoPSG2018Mbappé
99%
Nr.4135mio.Borussia DortmundBarcelona2017Dembélé
92%
Nr.9117mio.Real MadridJuventus Turin2018Ronaldo
92%
Nr.17100mio.TottenhamBayern München2023Kane
90%
Nr.15103mio.Borussia DortmundReal Madrid2023Bellingham
89%
Nr.2090mio.PSGAl-Hilal2023Neymar
88%
Nr.7120mio.Atlético MadridBarcelona2019Griezmann
86%
Nr.1994mio.Manchester UnitedReal Madrid2009Ronaldo
86%
Nr.3135mio.LiverpoolBarcelona2017Coutinho
85%
Nr.16101mio.TottenhamReal Madrid2013Bale
84%
Nr.5127,2mio.Benfica LissabonAtlético Madrid2019Felix
84%
Nr.10116,6mio.West Ham UnitedArsenal2023Rice
83%
Nr.14105mio.Juventus TurinManchester United2016Pogba
81%
Nr.8117,5mio.Aston VillaManchester City2021Grealish
79%
Nr.2090mio.RB LeipzigManchester City2023Gvardiol
79%
Nr.12115mio.ChelseaReal Madrid2019Hazard
78%
Nr.13113mio.Inter MailandChelsea2021Lukaku
75%
Nr.1895mio.Ajax AmsterdamManchester United2022Antony
67%
Nr.11116mio.Brighton & Hove AlbionChelsea2023Caicedo
64%
Nr.6121mio.Benfica LissabonChelsea2023Enzo Fernandes
54%
Nr.2090mio.SSC NeapelJuventus Turin2016Higuaín
54%

Verteilung der Resultate

Perzentil nach korrekt beantworteten Fragen

Anzahl Personen mit jedem Resultat

Ihre Resultats-Entwicklung

Sie haben dieses Quiz noch nicht gespielt